| 000 | 00544nam a2200205Ia 4500 | ||
|---|---|---|---|
| 005 | 20250506172758.0 | ||
| 008 | 008 250505s9999 xx 000 0 eng d | ||
| 020 | _a9788131250693 | ||
| 037 | _aTB | ||
| 040 |
_aILCL _beng _cILCL |
||
| 041 |
_aeng _2eng |
||
| 082 | _qILCL | ||
| 100 | _aSharma, Charu | ||
| 245 | 0 | _aTort Liability for Environmental Claims in India: a comparative view | |
| 260 |
_aHaryana _bLexis Nexis _c2017 |
||
| 300 | _axxx,257p. | ||
| 365 | _aINR | ||
| 942 |
_cTB _2Colon Classification |
||
| 999 |
_c1311906 _d1311906 |
||